00515nam a22001457a 450000500170000000800410001702000150005804100130007308200160008610000130010224501520011526000470026730000300031465000250034420231107131256.0231107b |||||||| |||| 00| 0 eng d a0702116750 aEnglish  a346.43 LAN  lEnglish  aLand Ownership - Changing Concepts : bbeing a series of articles by a team of authors first published in ACTA JURIDICA 1985 / cTW Bennett et al.  aCape Town : bJuta and Company Ltd, c1986 bxi, 368 pages ; c24 cm.  aLegal practice bLaw